Handball Bundesliga Torschützen 2023/24 - Statistiken

Allgemein
  • Dieses Quiz wurde 349 mal gespielt
  • Das Durchschnittsergebnis liegt bei 17 aus 50
Antwortstatistiken
Tore Verein Antwort % Korrekt
263 Füchse Berlin Mathias Gidsel
94%
149 Rhein-Neckar Löwen Juri Knorr
71%
209 Füchse Berlin Lasse Bredekjaer Andersson
68%
239 SC Magdeburg Omar Ingi Magnusson
67%
144 VfL Gummersbach Julian Köster
63%
277 ThSV Eisenach Manuel Zehnder
61%
127 SG Flensburg-Handewitt Johannes Golla
59%
167 TBV Lemgo Lippe Samuel Zehnder
58%
197 SG Flensburg-Handewitt Emil Jakobsen
56%
203 HSV Hamburg Casper Mortensen
54%
179 TVB 1898 Stuttgart Kai Häfner
53%
198 Füchse Berlin Hans Lindberg
51%
149 MT Melsungen Timo Kastening
48%
200 SC DHfK Leipzig Viggó Kristjánsson
48%
140 Rhein-Neckar Löwen Jannik Kohlbacher
42%
121 SG Flensburg-Handewitt Simon Pytlick
42%
116 TSV Hannover-Burgdorf Justus Fischer
41%
157 THW Kiel Eric Johansson
37%
106 SC Magdeburg Magnus Saugstrup
37%
176 SC Magdeburg Felix Claar
35%
122 MT Melsungen Dainis Kristopans
34%
115 HSV Hamburg Leif Tissier
32%
165 Frisch Auf! Göppingen Marcel Schiller
32%
137 SC DHfK Leipzig Franz Semper
29%
136 MT Melsungen Ivan Martinovic
29%
122 SG Flensburg-Handewitt Lasse Kjær Møller
29%
151 THW Kiel Niclas Ekberg
29%
167 HSG Wetzlar Lenny Rubin
28%
145 TSV Hannover-Burgdorf Marius Steinhauser
26%
183 HSG Wetzlar Domen Novak
25%
153 Rhein-Neckar Löwen Niclas Kirkelokke
25%
115 HSV Hamburg Frederik Bo Andersen
22%
112 Füchse Berlin Mijajlo Marsenic
22%
131 TBV Lemgo Lippe Lukas Hutecek
21%
160 VfL Gummersbach Milos Vujovic
21%
138 TVB 1898 Stuttgart Daniel Fernandez Jimenez
20%
106 SG Flensburg-Handewitt Lukas Jorgensen
17%
104 Bergischer HC Lukas Stutzke
17%
129 MT Melsungen Elvar Örn Jonsson
16%
105 THW Kiel Nikola Bilyk
15%
153 HSV Hamburg Dani Baijens
13%
131 Bergischer HC Noah Beyer
13%
126 Frisch Auf! Göppingen Josip Sarac
12%
140 SC DHfK Leipzig Matej Klima
12%
107 VfL Gummersbach Ellidi Snaer Vidarsson
11%
124 TBV Lemgo Lippe Niels Gerardus Versteijnen
11%
104 Frisch Auf! Göppingen David Schmidt
8%
126 TSV Hannover-Burgdorf Uladzislau Kulesh
8%
134 TVB 1898 Stuttgart Adam Lönn
7%
122 Bergischer HC Frederik Ladefoged
5%
Keine übereinstimmenden Quizze gefunden
Verteilung der Resultate
Anzahl Personen mit jedem Resultat
Perzentil nach korrekt beantworteten Fragen
Ihre Resultats-Entwicklung
Sie haben dieses Quiz noch nicht gespielt